Online
Catalog

Colección pensamiento político / (Record no. 43321)

MARC details
000 -CABECERA
campo de control de longitud fija 01210nam a2200253 a 4500
001 - NÚMERO DE CONTROL
campo de control 000043832
003 - IDENTIFICADOR DEL NÚMERO DE CONTROL
campo de control DO-SdBNP
005 - FECHA Y HORA DE LA ÚLTIMA TRANSACCIÓN
campo de control 20250625095019.0
008 - DATOS DE LONGITUD FIJA--INFORMACIÓN GENERAL
campo de control de longitud fija 140506s1986 dr 000 0 spa d
040 ## - FUENTE DE LA CATALOGACIÓN
Centro catalogador/agencia de origen DO-SdBNP
Lengua de catalogación spa
Centro/agencia transcriptor BNPHU
082 #4 - NÚMERO DE LA CLASIFICACIÓN DECIMAL DEWEY
Número de clasificación 320.97293
Número de documento/Ítem P397c
Número de edición 22
100 1# - ENTRADA PRINCIPAL--NOMBRE DE PERSONA
Nombre de persona Peña Gómez, José Francisco
9 (RLIN) 71691
245 10 - MENCIÓN DE TÍTULO
Título Colección pensamiento político /
Mención de responsabilidad, etc. José Francisco Peña Gómez ; investigación, recopilación y edición, Sara Peralta de Rathe.
260 ## - PUBLICACIÓN, DISTRIBUCIÓN, ETC.
Lugar de publicación, distribución, etc. Santo Domingo :
Nombre del editor, distribuidor, etc. Alfa y Omega,
Fecha de publicación, distribución, etc. 1986.
300 ## - DESCRIPCIÓN FÍSICA
Extensión v. ;
Dimensiones 23 cm.
500 ## - NOTA GENERAL
Nota general La biblioteca posee los vs. 4-5
505 0# - NOTA DE CONTENIDO CON FORMATO
Información miscelánea v. 1.
Título Lucha por la democracia 1963-1965 --
Información miscelánea v.2 .
Título Hacia la democracia 1966-1973 --
Información miscelánea v.3.
Título Por la conquista de la democracia : 1974 - agosto 15 de 1978 --
Información miscelánea v.4.
Título Construcción de la democracia : Agosto 16 de 1978 - agosto 15 de 1982 --
Información miscelánea v.5.
Título Participación de la democracia: agosto 16 de 1982- agosto 15 de 1986
590 ## - NOTA LOCAL (RLIN)
Nota local Inventariado, 2018/LP
610 20 - PUNTO DE ACCESO ADICIONAL DE MATERIA--NOMBRE DE ENTIDAD CORPORATIVA
Nombre de entidad corporativa o nombre de jurisdicción como elemento de entrada Partido Revolucionario Dominicano
9 (RLIN) 5214
651 ## - PUNTO DE ACCESO ADICIONAL DE MATERIA--NOMBRE GEOGRÁFICO
Nombre geográfico República Dominicana
Subdivisión general Política y gobierno
Subdivisión cronológica 1961-
9 (RLIN) 204
700 12 - PUNTO DE ACCESO ADICIONAL--NOMBRE DE PERSONA
Nombre de persona Peralta de Rathe, Sara,
Término indicativo de función/relación ed.
9 (RLIN) 53168
910 ## - DATOS DE OPCIÓN DEL USUARIO (OCLC)
Datos de opción del usuario Validado. Control de calidad MFF
942 ## - ELEMENTOS DE PUNTO DE ACCESO ADICIONAL (KOHA)
Fuente del sistema de clasificación o colocación Dewey Decimal Classification
Tipo de ítem Koha Libro
Holdings
Estado de retiro Estado de pérdida Restricciones de uso No para préstamo Código de colección Localización permanente Ubicación/localización actual Ubicación en estantería Fecha de adquisición Número de inventario Total de préstamos Signatura topográfica completa Código de barras Fecha visto por última vez Precio válido a partir de Tipo de ítem Koha
        Patrimonio Dominicano General General Depósito 14.06.2019 LF1   v. 5, t. 1, e. 3 43832-40 25.06.2020 25.06.2020 Libro y Folleto Colección Patrimonio Dominicano
      Excluido de préstamo Patrimonio Dominicano Patrimonio Dominicano Patrimonio Dominicano Depósito 06.05.2014 LF1   v. 4, t. 4 43832-10 25.06.2020 25.06.2020 Libro y Folleto Colección Patrimonio Dominicano
      Excluido de préstamo Patrimonio Dominicano Patrimonio Dominicano Patrimonio Dominicano Depósito 14.06.2019 LF1   v. 5, t. 1 43832-20 25.06.2020 25.06.2020 Libro y Folleto Colección Patrimonio Dominicano
      Excluido de préstamo Patrimonio Dominicano Patrimonio Dominicano Patrimonio Dominicano Depósito 14.06.2019 LF1   v. 5, t. 1, e. 2 43832-30 25.06.2020 25.06.2020 Libro y Folleto Colección Patrimonio Dominicano
      Excluido de préstamo Patrimonio Dominicano Patrimonio Dominicano Patrimonio Dominicano Depósito 14.06.2019 LF1   v. 5, t. 2 43832-50 25.06.2020 25.06.2020 Libro y Folleto Colección Patrimonio Dominicano

Powered by Koha